|
|
|
|
| LEADER |
00000nam a2200000 i 4500 |
| 001 |
DIGUAZUAY0096 |
| 003 |
NyNyDIG |
| 007 |
cr ||||||||||| |
| 008 |
251211s2019 ec ob 000 0 spa d |
| 006 |
m o d |
| 035 |
|
|
|a (OCoLC)1420740874
|
| 040 |
|
|
|a DGITA
|b eng
|e rda
|e pn
|c DGITA
|
| 020 |
|
|
|z 9788413510002
|
| 050 |
1 |
4 |
|a HQ799.2.I5 ebook
|
| 100 |
1 |
|
|a Ochoa Pineda, Amada Cesibel,
|e author.
|
| 245 |
1 |
0 |
|a Sexting :
|b signo de identidad juvenil en la sociedad digital /
|c Amada Cesibel Ochoa Pineda, Cayetano José Aranda Torres.
|
| 264 |
|
1 |
|a Cuenca, Ecuador :
|b Universidad del Azuay, Casa Editora ;
|a [Almería] :
|b EDUAL, Editorial Universidad de Almería,
|c [2019]
|
| 300 |
|
|
|a 1 online resource.
|
| 336 |
|
|
|a text
|b txt
|2 rdacontent
|
| 337 |
|
|
|a computer
|b c
|2 rdamedia
|
| 338 |
|
|
|a online resource
|b cr
|2 rdacarrier
|
| 347 |
|
|
|a text file
|2 rdaft
|
| 347 |
|
|
|b PDF
|
| 490 |
1 |
|
|a Sexología ;
|v 1
|
| 504 |
|
|
|a Includes bibliographical references.
|
| 588 |
0 |
|
|a Online resource; title from PDF title page (Digitalia, viewed December 11, 2025)
|
| 650 |
|
0 |
|a Sexting.
|
| 650 |
|
0 |
|a Internet and teenagers.
|
| 650 |
|
0 |
|a Teenagers
|x Sexual behavior.
|
| 700 |
1 |
|
|a Aranda Torres, Cayetano,
|e author.
|
| 791 |
2 |
|
|a Digitalia (Firm),
|e distributor.
|
| 793 |
0 |
|
|g Digitalia eBook Collection:
|a Universidad del Azuay
|
| 776 |
0 |
8 |
|i Print version:
|a Ochoa Pineda, Amada Cesibel.
|t Sexting.
|d Cuenca, Ecuador : Universidad del Azuay, Casa Editora ; [Almería] : EDUAL, Editorial Universidad de Almería, [2019]
|z 9788413510002
|
| 830 |
|
0 |
|a Sexología (Editorial Universidad de Almería) ;
|v 1.
|
| 856 |
4 |
0 |
|3 Digitalia Hispánica
|u https://www.digitaliapublishing.com/a/133480/
|
| 910 |
|
|
|a Premium collection: 2025
|